Human development in the Indian context : (Record no. 54201)
[ view plain ]
| 000 -LEADER | |
|---|---|
| fixed length control field | 02263nam a22003257a 4500 |
| 005 - DATE AND TIME OF LATEST TRANSACTION | |
| control field | 20110721162110.0 |
| 010 ## - LCCN (DPL NO) | |
| LC control number | ENG-103097 B-459006-9010 |
| 020 ## - INTERNATIONAL STANDARD BOOK NUMBER | |
| International Standard Book Number | 9788132105817 |
| Terms of availability | 795.00 |
| 035 ## - SYSTEM CONTROL NUMBER | |
| System control number | EN-86630 B-459006-9010 |
| 037 ## - SOURCE OF ACQUISITION | |
| Source of stock number/acquisition | DBAD / PUB |
| 037 ## - SOURCE OF ACQUISITION | |
| Source of stock number/acquisition | RBC/Ven |
| 082 ## - DEWEY DECIMAL CLASSIFICATION NUMBER | |
| Classification number | 303.440954 |
| 100 ## - MAIN ENTRY--PERSONAL NAME | |
| Personal name | Khalakdina, Margaret. |
| 245 ## - TITLE STATEMENT | |
| Title | Human development in the Indian context : |
| Remainder of title | a socio-cultural focus / |
| Statement of responsibility, etc | by Margaret Khalakdina |
| 260 ## - PUBLICATION, DISTRIBUTION, ETC. (IMPRINT) | |
| Place of publication, distribution, etc | New Delhi |
| Name of publisher, distributor, etc | SAGE Publications |
| Date of publication, distribution, etc | 2011 |
| 270 ## - ADDRESS | |
| Address | B 1/I-1, Mohan Cooperative Industrial Area, Mathura Road |
| City | New Delhi |
| Postal code | 110044 |
| 300 ## - PHYSICAL DESCRIPTION | |
| Extent | v.2 (xxv,402p.) |
| Dimensions | 25cm (Hb) |
| 500 ## - GENERAL NOTE | |
| General note | Includes glossary and index. |
| 500 ## - GENERAL NOTE | |
| General note | V.1 recd in 2009 |
| 505 ## - FORMATTED CONTENTS NOTE | |
| Formatted contents note | Preface -- Acknowledgements -- Introduction -- The hexagon of human development: the Indian setting -- Human development: bases and processes -- Origins of knowledge on human development -- Sources of knowledge on human development -- The methodological s |
| 650 ## - SUBJECT ADDED ENTRY--TOPICAL TERM | |
| Topical term or geographic name as entry element | Social psychology |
| Geographic subdivision | India. |
| 942 ## - ADDED ENTRY ELEMENTS (KOHA) | |
| Source of classification or shelving scheme | Dewey Decimal Classification |
| Item type | English Books |
| Classification part | 303.440954 |
| Call number suffix | KHA |
| Withdrawn status | Lost status | Not for loan | Collection code | Home library | Current library | Date acquired | Source of acquisition | Cost, normal purchase price | Full call number | Barcode | Copy number | Cost, replacement price | Koha item type |
|---|---|---|---|---|---|---|---|---|---|---|---|---|---|
| Not For Loan | Reference | Central Library | Central Library | 03/05/2012 | RBC/27381/30.01.2012/07/18.01.2012/06.02.2012 | 1400.00 | 303.440954 KHA | B-459006 | 1 | 1400.00 | English Books | ||
| Not For Loan | Non-fiction | D.B.Act.Division | D.B.Act.Division | 21/07/2011 | DBAD/PUB | 795.00 | 303.440954 KHA | EN-86630 | 1 | 795.00 | English Books | ||
| Not For Loan | Reference | Karol Bagh | Karol Bagh | 03/05/2012 | RBC/27381/30.01.2012/07/18.01.2012/06.02.2012 | 1400.00 | 303.440954 KHA | B-459009 | 1 | 1400.00 | English Books | ||
| Not For Loan | Reference | Patel Nagar | Patel Nagar | 03/05/2012 | RBC/27381/30.01.2012/07/18.01.2012/06.02.2012 | 1400.00 | 303.440954 KHA | B-459007 | 1 | 1400.00 | English Books | ||
| Not For Loan | Reference | Sarojini Nagar | Sarojini Nagar | 03/05/2012 | RBC/27381/30.01.2012/07/18.01.2012/06.02.2012 | 1400.00 | 303.440954 KHA | B-459008 | 1 | 1400.00 | English Books | ||
| Non-fiction | Shahdara Branch | Shahdara Branch | 03/05/2012 | RBC/27381/30.01.2012/07/18.01.2012/06.02.2012 | 1400.00 | 303.440954 KHA | B-459010 | 1 | 1400.00 | English Books |
